| 000 | 00792nam a2200229 i 4500 | ||
|---|---|---|---|
| 001 | 141117 | ||
| 003 | ES-MaACL | ||
| 007 | t| | ||
| 008 | 070919s1981 mx ||||1| spa d | ||
| 020 | _a968-16-0686-8 | ||
| 100 | 1 |
_aWilson, Edmund. _9117023 |
|
| 245 | 1 | 0 |
_aVentana a Rusia _b: para uso de lectores extranjeros / _cpor Edmund Wilson ; [traducción de David Huerta y Paloma Villegas]. |
| 250 | _a1ª ed. | ||
| 260 |
_aMéxico : _bFondo de Cultura Económica, _c1981. |
||
| 300 |
_a345 p. ; _c17 cm. |
||
| 490 | 1 |
_aBreviarios del Fondo de Cultura Económica ; _v307 |
|
| 700 | 1 |
_aHuerta, David. _964550 |
|
| 700 | 1 |
_aVillegas, Paloma. _9115212 |
|
| 830 | 0 |
_aBreviarios del Fondo de Cultura Económica ; _v307 _9179682 |
|
| 852 |
_aES-MaACL _jL-8420 _bR.109118 |
||
| 999 |
_c141117 _d141117 |
||